Normal view
MARC view
- Herlache, Michael
Entry Personal Name
001 - CONTROL NUMBER
- control field: 13684
003 - CONTROL NUMBER IDENTIFIER
- control field: NUST
005 - DATE AND TIME OF LATEST TRANSACTION
- control field: 20190221053932.0
008 - FIXED-LENGTH DATA ELEMENTS
- fixed length control field: 190221|| aca||aabn | a|a d
040 ## - CATALOGING SOURCE
- Original cataloging agency: NUST
- Transcribing agency: NUST
100 ## - HEADING--PERSONAL NAME
- Personal name: Herlache, Michael
670 ## - SOURCE DATA FOUND
- Source citation: Work cat.: (NUST): Herlache, Michael , Digital Entrepreneurship / , 2016.
